00458nam a2200181Ia 4500008004100000020001800041050001600059100002600075245002900101245002900130260002000159260002400179260000900203300001600212300002000228300001000248300001800258170918s9999 xx 000 0 und d a9780857079800 bR966do 2011 aRussell, Rachel Renee aHow to dork your diary / cby Rachel Renee Russell. aGreat Britain : bSimon and Schuster, c2011 a184 pages : billustrations ; c19cm. eDork diaries.